000 00374nam a22001577a 4500
003 SGT
020 _a9780199452712
082 _a616.024
_bM14F
100 _aFICALORA, ROBERT D.
245 _aMAAYO CLINIC INTERNAL MEDICINE BOARD REVIEW
250 _a10TH
260 _aINDIA
_bOXFORD UNIVERSITY PRESS
_c2014
300 _a802
650 _aCARDIOLOGY
942 _2ddc
_cBK
999 _c21798
_d21798